[Event "BUL-chT2"]
[Site "Sunny Beach"]
[Date "2014.09.24"]
[Round "6.1"]
[White "Vasilev, Vasil Aleksandrov"]
[Black "Tashkov, Rumen"]
[Result "1-0"]
[WhiteElo "2358"]
[BlackElo "2207"]
[PlyCount "83"]
[EventDate "2014.09.19"]
[EventType "team-swiss"]
[EventRounds "7"]
[EventCountry "BUL"]
[SourceTitle "EXT 2015"]
[Source "ChessBase"]
[SourceDate "2014.11.20"]
[SourceVersion "1"]
[SourceVersionDate "2014.11.20"]
[SourceQuality "1"]
[WhiteTeam "Yambol Tundzha"]
[BlackTeam "Vratsa"]
[WhiteTeamCountry "BUL"]
[BlackTeamCountry "BUL"]

1. Nf3 d6 2. d4 g6 3. c4 Bg7 4. Nc3 Nc6 5. g3 e5 6. Bg5 f6 7. Be3 Nh6 8. dxe5 dxe5 9. Qxd8+ Nxd8 10. Nd5 Ne6 11. Bxh6 Bxh6 12. Nxf6+ Kf8 13. Ng4 e4 14. Nxh6 exf3 15. exf3 Kg7 16. Ng4 Nd4 17. 0-0-0 Nxf3 18. Ne3 Rf8 19. Bg2 Be6 20. h4 Ne5 21. Bd5 Rae8 22. f4 Bxd5 23. Rxd5 Nf7 24. Rd3 h5 25. c5 Re4 26. b3 Rfe8 27. Kd2 R8e7 28. Re1 Nh6 29. Nc2 Rxe1 30. Nxe1 Nf5 31. Nc2 Kf6 32. Ne3 Nxe3 33. Rxe3 Rd7+ 34. Ke2 Rd5 35. b4 a5 36. Rd3 Rxd3 37. Kxd3 axb4 38. Kc4 Ke6 39. Kxb4 Kd5 40. Kb5 c6+ 41. Kb6 Kc4 42. a4 1-0

[Event "BUL-chT GpB 63rd"]
[Site "Sunny Beach"]
[Date "2013.09.24"]
[Round "8.1"]
[White "Nenkov, Ljudmil"]
[Black "Vasilev, Vasil Aleksandrov"]
[Result "0-1"]
[WhiteElo "2256"]
[BlackElo "2340"]
[PlyCount "52"]
[EventDate "2013.09.19"]
[EventType "team-tourn"]
[EventRounds "9"]
[EventCountry "BUL"]
[SourceTitle "CBM 156 Extra"]
[Source "ChessBase"]
[SourceDate "2013.10.22"]
[SourceVersion "1"]
[SourceVersionDate "2013.10.22"]
[SourceQuality "1"]
[WhiteTeam "Pernik Yuriy Benderev"]
[BlackTeam "Yambol Tundzha"]
[WhiteTeamCountry "BUL"]
[BlackTeamCountry "BUL"]

1. Nf3 Nf6 2. g3 g6 3. Bg2 Bg7 4. 0-0 c5 5. d3 Nc6 6. e4 d5 7. exd5 Nxd5 8. Nbd2 0-0 9. Re1 b6 10. Nc4 Bb7 11. a4 Qc7 12. c3 Rad8 13. Qb3 Ba6 14. Ng5 e6 15. a5 b5 16. Ne3 Nde7 17. d4 cxd4 18. Ng4 Nd5 19. Ne4 dxc3 20. Bh6 Nd4 21. Qd1 c2 22. Qd3 Nf5 23. Bxg7 Kxg7 24. Rac1 h5 25. Ng5 Nb4 26. Qb3 Qc4 0-1

[Event "BUL-chT2"]
[Site "Albena"]
[Date "2011.06.03"]
[Round "2.5"]
[White "Vasilev, Vasil Aleksandrov"]
[Black "Galunov, Todor"]
[Result "1-0"]
[WhiteElo "2337"]
[BlackElo "2330"]
[PlyCount "71"]
[EventDate "2011.06.02"]
[EventType "team-tourn"]
[EventRounds "9"]
[EventCountry "BUL"]
[SourceTitle "CBM 142 Extra"]
[Source "ChessBase"]
[SourceDate "2011.06.27"]
[SourceVersion "1"]
[SourceVersionDate "2011.06.27"]
[SourceQuality "1"]
[WhiteTeam "Jambol Tundja"]
[BlackTeam "Shumen 2005"]
[WhiteTeamCountry "BUL"]
[BlackTeamCountry "BUL"]

1. Nf3 Nf6 2. d4 g6 3. g3 Bg7 4. Bg2 0-0 5. 0-0 d6 6. c4 Nc6 7. Nc3 a6 8. Qd3 Bf5 9. e4 Bg4 10. Be3 Qc8 11. Rfe1 Bxf3 12. Bxf3 Ng4 13. Bxg4 Qxg4 14. Rad1 Qh3 15. f4 e5 16. dxe5 dxe5 17. f5 Nd4 18. Bxd4 exd4 19. Nd5 Be5 20. Qf3 Rad8 21. Nb4 c6 22. Nd3 Bc7 23. Nf2 Qh6 24. Ng4 Qg5 25. h4 Qe7 26. e5 d3 27. Qe3 f6 28. e6 Rfe8 29. Kg2 Ba5 30. Rf1 gxf5 31. Rxf5 Qxe6 32. Nxf6+ Kh8 33. Nxe8 Qxf5 34. Rf1 Qxf1+ 35. Kxf1 Bc7 36. Qe7 1-0

[Event "Sofia Baharov Memorial 18th"]
[Site "Sofia"]
[Date "2010.11.28"]
[Round "7"]
[White "Vasilev, Vasil Aleksandrov"]
[Black "Spassov, Liuben"]
[Result "1/2-1/2"]
[WhiteElo "2349"]
[BlackElo "2434"]
[PlyCount "54"]
[EventDate "2010.11.25"]
[EventType "swiss"]
[EventRounds "7"]
[EventCountry "BUL"]
[SourceTitle "CBM 139 Extra"]
[Source "ChessBase"]
[SourceDate "2011.01.05"]
[SourceVersion "1"]
[SourceVersionDate "2011.01.05"]
[SourceQuality "1"]

1. Nf3 Nf6 2. c4 e6 3. d4 d5 4. e3 a6 5. Nbd2 b6 6. b3 Bb7 7. Bd3 Nbd7 8. 0-0 Bd6 9. Bb2 0-0 10. Rc1 Ne4 11. Qe2 f5 12. Ne5 Nxd2 13. Qxd2 Nxe5 14. dxe5 Bc5 15. Qe2 a5 16. Rfd1 Qg5 17. cxd5 Bxd5 18. g3 a4 19. Bc4 c6 20. Bxd5 cxd5 21. Bd4 Qe7 22. Rc2 Bxd4 23. Rxd4 axb3 24. axb3 Rfc8 25. Ra4 Qd7 26. Qd3 h6 27. h4 Rxa4 1/2-1/2

[Event "Sofia Baharov Memorial 18th"]
[Site "Sofia"]
[Date "2010.11.27"]
[Round "5"]
[White "Filev, Georgi"]
[Black "Vasilev, Vasil Aleksandrov"]
[Result "0-1"]
[WhiteElo "2370"]
[BlackElo "2349"]
[PlyCount "58"]
[EventDate "2010.11.25"]
[EventType "swiss"]
[EventRounds "7"]
[EventCountry "BUL"]
[SourceTitle "CBM 139 Extra"]
[Source "ChessBase"]
[SourceDate "2011.01.05"]
[SourceVersion "1"]
[SourceVersionDate "2011.01.05"]
[SourceQuality "1"]

1. e4 Nc6 2. Nf3 e5 3. Bb5 Nf6 4. 0-0 Nxe4 5. d4 Nd6 6. Ba4 e4 7. Ne5 Be7 8. Nc3 0-0 9. Re1 Nf5 10. Rxe4 Nfxd4 11. Nd5 Ne6 12. Bxc6 dxc6 13. Nxe7+ Qxe7 14. Qh5 f6 15. Nd3 Qf7 16. Qh4 Bd7 17. Bd2 Rfe8 18. Rae1 b6 19. Qg3 c5 20. b3 Bc6 21. R4e3 Nd4 22. c3 Rxe3 23. fxe3 Nf5 24. Qf4 Nd6 25. Nf2 Re8 26. Qg4 a5 27. Bc1 a4 28. c4 f5 29. Qg3 f4 0-1

[Event "Sofia Baharov Memorial 18th"]
[Site "Sofia"]
[Date "2010.11.27"]
[Round "3"]
[White "Stojanov, Alexandar"]
[Black "Vasilev, Vasil Aleksandrov"]
[Result "0-1"]
[WhiteElo "2148"]
[BlackElo "2349"]
[PlyCount "68"]
[EventDate "2010.11.25"]
[EventType "swiss"]
[EventRounds "7"]
[EventCountry "BUL"]
[SourceTitle "CBM 139 Extra"]
[Source "ChessBase"]
[SourceDate "2011.01.05"]
[SourceVersion "1"]
[SourceVersionDate "2011.01.05"]
[SourceQuality "1"]

1. e4 Nc6 2. Nf3 e5 3. Bc4 Bc5 4. c3 Nf6 5. d3 d6 6. Nbd2 a6 7. Bb3 0-0 8. h3 h6 9. 0-0 Be6 10. Re1 Nh5 11. d4 Bxb3 12. Nxb3 exd4 13. Nfxd4 Bxd4 14. cxd4 Nf6 15. d5 Ne5 16. f4 Ng6 17. Qf3 Re8 18. Bd2 Qe7 19. Bc3 Nxe4 20. f5 Ng5 21. Qf2 Ne5 22. Re3 Qf6 23. Rae1 Re7 24. Nd2 g6 25. g4 Rae8 26. h4 Nh7 27. Ne4 Qh8 28. Qf4 Nf6 29. fxg6 Nxd5 30. gxf7+ Rxf7 31. Qg3 Nxe3 32. Rxe3 Qh7 33. g5 hxg5 34. Nxg5 Qg6 0-1

[Event "Sofia Baharov Memorial 18th"]
[Site "Sofia"]
[Date "2010.11.25"]
[Round "1"]
[White "Miteva, Silvena"]
[Black "Vasilev, Vasil Aleksandrov"]
[Result "0-1"]
[WhiteElo "1684"]
[BlackElo "2349"]
[PlyCount "53"]
[EventDate "2010.11.25"]
[EventType "swiss"]
[EventRounds "7"]
[EventCountry "BUL"]
[SourceTitle "CBM 139 Extra"]
[Source "ChessBase"]
[SourceDate "2011.01.05"]
[SourceVersion "1"]
[SourceVersionDate "2011.01.05"]
[SourceQuality "1"]

1. e4 Nc6 2. d4 e5 3. Nf3 exd4 4. Bc4 Bc5 5. 0-0 d6 6. h3 Nf6 7. Bg5 h6 8. Bh4 Be6 9. Bd3 g5 10. Bg3 Nh5 11. Qe2 Qf6 12. Kh2 Nf4 13. Bxf4 gxf4 14. c3 0-0-0 15. Rd1 Rhg8 16. Bb5 Ne5 17. a4 Qg6 18. Qf1 Nxf3+ 19. gxf3 dxc3 20. Nxc3 Qh5 21. Rd2 Rg5 22. Bc4 Bxc4 23. Qxc4 Rdg8 24. Qf1 Qxf3 25. Rd3 Rg2+ 26. Kh1 Rg1+ 27. Kh2 0-1

[Event "Kesarovski Georgiev Memorial 9th"]
[Site "Sunny Beach"]
[Date "2010.09.05"]
[Round "9"]
[White "Lamorelle, Julien"]
[Black "Vasilev, Vasil Aleksandrov"]
[Result "1-0"]
[WhiteElo "2278"]
[BlackElo "2368"]
[PlyCount "79"]
[EventDate "2010.08.28"]
[EventType "swiss"]
[EventRounds "9"]
[EventCountry "BUL"]
[SourceTitle "CBM 138 Extra"]
[Source "ChessBase"]
[SourceDate "2010.10.29"]
[SourceVersion "1"]
[SourceVersionDate "2010.10.29"]
[SourceQuality "1"]

1. e4 Nc6 2. Nc3 e5 3. Bc4 Nf6 4. d3 Na5 5. Nge2 Be7 6. 0-0 c6 7. a4 Nxc4 8. dxc4 0-0 9. Ng3 d6 10. Qd3 h6 11. h3 Re8 12. f4 Be6 13. f5 Bc8 14. a5 Qc7 15. b3 Bd7 16. Rd1 Red8 17. Be3 Be8 18. Qd2 d5 19. cxd5 Bb4 20. Qd3 Rd7 21. Na2 Bxa5 22. c4 Qd8 23. d6 c5 24. Bxc5 Bb6 25. b4 Bxc5+ 26. bxc5 Qa5 27. Qe3 Rc8 28. Nc3 Qxc5 29. Qxc5 Rxc5 30. Rxa7 Rxc4 31. Nd5 Nxd5 32. Rxd5 f6 33. Ra8 Kf7 34. Nh5 Rxe4 35. Rc5 Rxd6 36. Rcc8 Bc6 37. Rg8 Rd1+ 38. Kh2 Ke7 39. Rxg7+ Kd6 40. Rd8+ 1-0

[Event "Kesarovski Georgiev Memorial 9th"]
[Site "Sunny Beach"]
[Date "2010.08.31"]
[Round "4"]
[White "Vasilev, Vasil Aleksandrov"]
[Black "Ivanov, Bogidar"]
[Result "1/2-1/2"]
[WhiteElo "2368"]
[BlackElo "2188"]
[PlyCount "64"]
[EventDate "2010.08.28"]
[EventType "swiss"]
[EventRounds "9"]
[EventCountry "BUL"]
[SourceTitle "CBM 138 Extra"]
[Source "ChessBase"]
[SourceDate "2010.10.29"]
[SourceVersion "1"]
[SourceVersionDate "2010.10.29"]
[SourceQuality "1"]

1. e4 c5 2. Nf3 Nc6 3. d4 cxd4 4. Nxd4 Nf6 5. Nc3 e5 6. Ndb5 d6 7. Bg5 a6 8. Na3 b5 9. Nd5 Be7 10. Bxf6 Bxf6 11. c3 0-0 12. Nc2 Bg5 13. g3 Rb8 14. Bg2 Be6 15. a3 Qd7 16. 0-0 Ne7 17. Nxe7+ Bxe7 18. Ne3 Rfc8 19. h4 Bd8 20. Qd2 Bb6 21. Nd5 Bxd5 22. Qxd5 Qc6 23. Rfd1 Qxd5 24. Rxd5 Rd8 25. Rad1 Bc7 26. Bf1 Kf8 27. b4 Rb6 28. c4 bxc4 29. Bxc4 Rc6 30. Bb3 Rb8 31. R5d3 Ke7 32. Kg2 a5 1/2-1/2

[Event "Kesarovski Georgiev Memorial 9th"]
[Site "Sunny Beach"]
[Date "2010.08.28"]
[Round "1"]
[White "Hronik, Petr"]
[Black "Vasilev, Vasil Aleksandrov"]
[Result "0-1"]
[WhiteElo "1978"]
[BlackElo "2368"]
[PlyCount "60"]
[EventDate "2010.08.28"]
[EventType "swiss"]
[EventRounds "9"]
[EventCountry "BUL"]
[SourceTitle "CBM 138 Extra"]
[Source "ChessBase"]
[SourceDate "2010.10.29"]
[SourceVersion "1"]
[SourceVersionDate "2010.10.29"]
[SourceQuality "1"]

1. Nf3 Nf6 2. d4 g6 3. Bf4 Bg7 4. Nbd2 c5 5. c3 d6 6. e4 0-0 7. Be2 cxd4 8. cxd4 d5 9. e5 Ne4 10. Nxe4 dxe4 11. Ng5 Qd5 12. b3 Nc6 13. Be3 h6 14. Bc4 Qa5+ 15. Bd2 Qd8 16. Nxf7 Rxf7 17. Bxf7+ Kxf7 18. Be3 Qa5+ 19. Bd2 Qb5 20. Be3 Nb4 21. Qe2 Nd3+ 22. Kd1 Qd5 23. Rf1 Nxe5 24. Rc1 Nc6 25. Rc5 Qd6 26. d5 b6 27. Rc1 Nb4 28. f3 Qxd5+ 29. Qd2 Qxd2+ 30. Kxd2 Ba6 0-1

[Event "BUL-chT-B 60th"]
[Site "Albena"]
[Date "2010.05.30"]
[Round "5.1"]
[White "Pantev, Veselin"]
[Black "Vasilev, Vasil Aleksandrov"]
[Result "1-0"]
[WhiteElo "2355"]
[BlackElo "2366"]
[PlyCount "66"]
[EventDate "2010.05.27"]
[EventType "team-tourn"]
[EventRounds "9"]
[EventCountry "BUL"]
[SourceTitle "CBM 136 Extra"]
[Source "ChessBase"]
[SourceDate "2010.07.02"]
[SourceVersion "2"]
[SourceVersionDate "2010.07.15"]
[SourceQuality "1"]
[WhiteTeam "Blagoevgrad Victory"]
[BlackTeam "Jambol Tundja"]
[WhiteTeamCountry "BUL"]
[BlackTeamCountry "BUL"]

1. d4 Nf6 2. Nf3 g6 3. Bf4 Bg7 4. e3 0-0 5. h3 c5 6. c3 b6 7. Be2 Bb7 8. 0-0 d6 9. a4 a6 10. c4 Nbd7 11. Nc3 Ne4 12. Qc2 f5 13. Rfd1 h6 14. Bh2 a5 15. Nb5 Rc8 16. d5 Qe8 17. Bd3 Qf7 18. Bxe4 fxe4 19. Qxe4 Bxb2 20. Rab1 Bg7 21. Bxd6 exd6 22. Nxd6 Nf6 23. Qd3 Qc7 24. Nxc8 Bxc8 25. Qxg6 Bd7 26. d6 Qb7 27. Ne5 Bxa4 28. d7 Qc7 29. Qf5 Bxd1 30. Qe6+ Kh7 31. Rxd1 Rd8 32. Rd6 Ne4 33. Qg6+ Kg8 1-0